• 首页
  • 本馆介绍
  • 公告通知
  • 最新文献
  • 馆藏检索
  • 电子资源
  • 读者荐购
  • 参考咨询
  • CALIS
  • 我的图书馆
  • 登录
  • 详细信息显示
  • 放入我的书架
  • 预约/预借图书
  • 作者相关作品
  • 分类相关作品
  • 丛书相关作品
  • 出版社相关作品

书目信息

  • 表格格式
  • 工作单格式
  • 卡片格式
题名:
计算思维与计算机导论
    
 
作者: 宁爱军 , 王淑敬 主编
分册:  
出版信息: 北京   人民邮电出版社  2018.08
页数: 269页
开本: 26cm
丛书名:
单 册:
中图分类: O241 , TP3
科图分类:
主题词: 计算方法--ji suan fang fa--思维方法--高等教育--教材 , 电子计算机--dian zi ji suan ji--高等教育--教材
电子资源:
ISBN: 978-7-115-48812-1
 
 
 
 
 
000 01226nam0 2200313 450
001 202019134384
005 20191002113834.0
010    @a978-7-115-48812-1@dCNY49.80
100    @a20190928d2018 em y0chiy50 ea
101 0  @achi
102    @aCN@b110000
105    @aa a 000yy
106    @ar
200 1  @a计算思维与计算机导论@Aji suan si wei yu ji suan ji dao lun@d= Computational thinking and computer concepts@f宁爱军, 王淑敬主编@zeng
210    @a北京@c人民邮电出版社@d2018.08
215    @a269页@c图@d26cm
300    @a工业和信息化普通高等教育“十三五”规划教材立项项目
320    @a有书目
330    @a本书以计算思维为主线, 理论与实际接合, 从计算思维的角度介绍计算机体系结构、软件硬件系统、问题求解、计算机网络、信息安全、数据库技术、办公软件的高级应用等内容。
333    @a普通高等学校计算机教育“十三五”规划教材
510 1  @aComputational thinking and computer concepts@zeng
606 0  @a计算方法@Aji suan fang fa@x思维方法@x高等教育@j教材
606 0  @a电子计算机@Adian zi ji suan ji@x高等教育@j教材
690    @aO241@v5
690    @aTP3@v5
701  0 @a宁爱军@Aning ai jun@4主编
701  0 @a王淑敬@Awang shu jing@4主编
801  0 @aCN@c20190905
905    @a河南城建学院图书馆@dO241@eN631
    
    计算思维与计算机导论= Computational thinking and computer concepts/宁爱军, 王淑敬主编.-北京:人民邮电出版社,2018.08
    269页:图;26cm
    工业和信息化普通高等教育“十三五”规划教材立项项目.-使用对象:普通高等学校计算机教育“十三五”规划教材
    
    ISBN 978-7-115-48812-1:CNY49.80
    本书以计算思维为主线, 理论与实际接合, 从计算思维的角度介绍计算机体系结构、软件硬件系统、问题求解、计算机网络、信息安全、数据库技术、办公软件的高级应用等内容。
●
相关链接 在E读中查询图书 在当当中查询图书 在豆瓣中查询图书


正题名:计算思维与计算机导论     索取号:O241/N631         预约/预借

序号 登录号 条形码 馆藏地/架位号 状态 备注
1 1442345   214423453   自科库401/401自科库 49排2列4层/ [索取号:O241/N631] 在馆    
2 1442346   214423462   自科库401/401自科库 49排2列4层/ [索取号:O241/N631] 在馆    
河南城建学院图书馆 欢迎您!
大连网信软件有限公司© 版权所有